000 00357nam a2200121Ia 4500
008 240731s9999 xx 000 0 und d
022 _a1532-4311
245 0 _aImmunological Investigations : A Journal of Molecular and Cellular Immunology
260 _bTaylor & Francis
856 _uhttps://www.tandfonline.com/loi/iimm20
942 _2ddc
942 _cTFEJ
999 _c76927
_d76927
945 _a1
_bMadushi Gamage
_c1
_dMadushi Gamage